Hammarby IF Football Squad 2023 - Statistics

General Stats
  • This quiz has been taken 92 times
  • The average score is 21 of 31
Answer Stats
Picture Hint Answer % Correct
Midfielder | Swedish Nahir Besara
94%
Midfielder | Swedish Fredrik Hammar
92%
Goalkeeper | Swedish/British Oliver Dovin
92%
Forward | Swedish/Afghan Jusef Erabi
90%
Defender | Swedish Simon Strand
90%
Defender | Danish Mads Fenger
86%
Defender | Dutch/Surinamese Shaquille Pinas
84%
Midfielder | Swedish/Eritrean Tesfaldet Tekie
84%
Forward | Norwegian August Mikkelsen
82%
Defender | Swedish/Kosovan Edvin Kurtulus
82%
Forward | Swedish/Iraqi Montader Madjed
82%
Forward | Montenegrins Viktor Djukanovic
78%
Goalkeeper | Swedish/Croatian Davor Blažević
76%
Defender | Swedish Dennis Collander
76%
Defender | Swedish Markus Karlsson
76%
Midfielder | Swedish/Bosnian Adi Nalic
73%
Midfielder | Swedish Alper Demirol
73%
Midfielder | Swedish/Serbian Pavle Vagic
73%
Forward | Gambian Bubacarr Trawally
71%
Defender | Swedish Joel Nilsson
69%
Forward | Swedish/Algerian Abdelrahman Saidi
67%
Midfielder | Swedish/Albanian Loret Sadiku
67%
Defender | Ghanian Nathaniel Adjei
67%
Defender | Swedish Anton Kralj
61%
Defender | Icelandic Jón Guðni Fjóluson
53%
Goalkeeper | Swedish Sebastian Selin
45%
Midfielder | Swedish/Turkish Isak Vural
43%
Midfielder | Guinean Ibrahima Brèze Fofana
31%
Defender | Swedish Ludvig Svanberg
31%
Forward | Cameroonian Saidou Alioum
31%
Midfielder | Nigerien Moustapha Amadou Sabo
18%
No matching quizzes found
Score Distribution
Percent of People with Each Score
Percentile by Number Answered
Your Score History
You have not taken this quiz